Remote Administrative Software (RAS) / (Record no. 595689)
[ view plain ]
| 000 -LEADER | |
|---|---|
| fixed length control field | 01462nam a22001817a 4500 |
| 003 - CONTROL NUMBER IDENTIFIER | |
| control field | NUST |
| 040 ## - CATALOGING SOURCE | |
| Original cataloging agency | 0 |
| 082 ## - DEWEY DECIMAL CLASSIFICATION NUMBER | |
| Classification number | 005.1,MIN |
| 100 ## - MAIN ENTRY--PERSONAL NAME | |
| Personal name | Minhas, Umar Qayyum |
| 245 ## - TITLE STATEMENT | |
| Title | Remote Administrative Software (RAS) / |
| Remainder of title | GC Umar Qayyum Minhas, PC Faisal Javed Bajwa, PC Aqsam Liaqat Cheema |
| 264 ## - PRODUCTION, PUBLICATION, DISTRIBUTION, MANUFACTURE, AND COPYRIGHT NOTICE | |
| Place of production, publication, distribution, manufacture | MCS, NUST |
| Name of producer, publisher, distributor, manufacturer | Rawalpindi |
| Date of production, publication, distribution, manufacture, or copyright notice | 2023 |
| 300 ## - PHYSICAL DESCRIPTION | |
| Extent | vi, 38 p |
| 505 ## - FORMATTED CONTENTS NOTE | |
| Formatted contents note | RAS is a sophisticated malleable and modern C2 framework designed for use by penetration testers, red teams, and blue teams. Its intuitive GUI and comprehensive feature set provide users with the ability to establish control, monitor activity, and perform post-exploitation actions. The platform's user interface is sleek and user-friendly, with additional features not commonly found in similar frameworks.<br/>The Havoc Framework consists of two main components: the Teamserver, which manages connected operators, agents, and data, and the client, which provides users with an interface to interact with agents and receive output from them. The Teamserver should be hosted on a public VPS to allow registered operators access to the system.<br/>RAS is designed to be a stealthy tool for ongoing data collection, following the principles of an advanced persistent threat (APT). Its power lies in its ability to remain undetected over long periods. |
| 650 ## - SUBJECT ADDED ENTRY--TOPICAL TERM | |
| Topical term or geographic name entry element | UG BESE |
| 690 ## - LOCAL SUBJECT ADDED ENTRY--TOPICAL TERM (OCLC, RLIN) | |
| Topical term or geographic name as entry element | BESE-25 |
| 700 ## - ADDED ENTRY--PERSONAL NAME | |
| Personal name | Supervisor Usman Mehmood Malik |
| 942 ## - ADDED ENTRY ELEMENTS (KOHA) | |
| Source of classification or shelving scheme | |
| Koha item type | Project Report |
| Withdrawn status | Permanent Location | Current Location | Shelving location | Date acquired | Full call number | Barcode | Koha item type |
|---|---|---|---|---|---|---|---|
| Military College of Signals (MCS) | Military College of Signals (MCS) | General Stacks | 08/30/2023 | 005.1,MIN | MCSPCS-472 | Project Report |
